Normal view
MARC view
- Buk̲h̲ārī, Manṣūr,
Entry Personal Name
001 - CONTROL NUMBER
- control field: 4594
003 - CONTROL NUMBER IDENTIFIER
- control field: NUST
005 - DATE AND TIME OF LATEST TRANSACTION
- control field: 20170914110401.0
008 - FIXED-LENGTH DATA ELEMENTS
- fixed length control field: 170914|| aca||aabn | a|a d
040 ## - CATALOGING SOURCE
- Original cataloging agency: NUST
- Transcribing agency: NUST
100 ## - HEADING--PERSONAL NAME
- Personal name: Buk̲h̲ārī, Manṣūr,
- Relator term: compiler.
670 ## - SOURCE DATA FOUND
- Source citation: Work cat.: (NUST)0: Balocistān ke qabāʼil :
